The property investment market:opportunities in Europe. 14 February 1989, The Barbican Centre, London (Record no. 92445)

MARC details
000 -LEADER
fixed length control field 00930cam a2200253 4500
001 - CONTROL NUMBER
control field B2253
008 - FIXED-LENGTH DATA ELEMENTS--GENERAL INFORMATION
fixed length control field 090401t1989 xxu||||| |||| 00| 0 eng d
035 ## - SYSTEM CONTROL NUMBER
System control number (Sirsi) u48960
041 ## - LANGUAGE CODE
Language code of text/sound track or separate title eng
050 ## - LIBRARY OF CONGRESS CALL NUMBER
Classification number 333.33094
090 ## - LOCALLY ASSIGNED LC-TYPE CALL NUMBER (OCLC); LOCAL CALL NUMBER (RLIN)
Classification number (OCLC) (R) ; Classification number, CALL (RLIN) (NR) RICS 1989/12 A
110 ## - MAIN ENTRY--CORPORATE NAME
Corporate name or jurisdiction name as entry element Institution and College Conferences
9 (RLIN) 2330
245 #4 - TITLE STATEMENT
Title The property investment market:opportunities in Europe. 14 February 1989, The Barbican Centre, London
260 ## - PUBLICATION, DISTRIBUTION, ETC.
Place of publication, distribution, etc. London
Name of publisher, distributor, etc. Institution and College Conferences
Date of publication, distribution, etc. 1989
300 ## - PHYSICAL DESCRIPTION
Extent 2 papers ; 4 other items.
350 ## - PRICE (NR) (BK AM CF MU VM SE) [OBSOLETE]
Price 0
520 ## - SUMMARY, ETC.
Summary, etc. Papers by Stockdale,Keith and Vaughan,Colin . Part of a three-day event entitled the Property Business Show . Other papers from this session in synopsis form only. Programme and participant details included.
650 ## - SUBJECT ADDED ENTRY--TOPICAL TERM
Topical term or geographic name entry element CONFERENCE
650 ## - SUBJECT ADDED ENTRY--TOPICAL TERM
Topical term or geographic name entry element PROPERTY INVESTMENT
650 ## - SUBJECT ADDED ENTRY--TOPICAL TERM
Topical term or geographic name entry element PROPERTY MARKET
650 ## - SUBJECT ADDED ENTRY--TOPICAL TERM
Topical term or geographic name entry element SINGLE MARKET
942 ## - ADDED ENTRY ELEMENTS (KOHA)
Suppress in OPAC 0
948 ## - LOCAL PROCESSING INFORMATION (OCLC); SERIES PART DESIGNATOR (RLIN)
c (OCLC) 04/03/1997
Holdings
Withdrawn status Lost status Source of classification or shelving scheme Damaged status Not for loan Home library Current library Shelving location Date acquired Total Checkouts Full call number Barcode Date last seen Copy number Price effective from Koha item type
    Dewey Decimal Classification     London London RICS Boxes 14/09/1999   RICS 1989/12 30032068 06/08/2019 1 06/08/2019 Archive
    Dewey Decimal Classification     London London RICS Boxes 13/04/2005   RICS 1989/12 30070312 06/08/2019 2 06/08/2019 Reference material